L` égoïste romantique: roman

Պահպանված է:
Մատենագիտական մանրամասներ
Հիմնական հեղինակ: Beigbeder, Frédéric
Ձևաչափ: Գիրք
Լեզու:Undetermined
Հրապարակվել է: París, Francia Grasset 2005
Խորագրեր:
Ցուցիչներ: Ավելացրեք ցուցիչ
Չկան պիտակներ, Եղեք առաջինը, ով նշում է այս գրառումը!

MARC

LEADER 00000nam a2200000Ia 4500
008 170316s9999 xx 000 0 und d
040 |a cru BVZT 
090 |a 840 B-7.1e 
100 |a Beigbeder, Frédéric 
245 |a L` égoïste romantique: roman 
260 |a París, Francia 
260 |b Grasset 
260 |c 2005 
300 |a 401 páginas 
650 |a LITERATURA FRANCESA 
650 |a NOVELA 
999 |c 7555  |d 7555 
942 |c 15 D  |h 840 B-7.1e  |2 z